000
00278nam a22001097a 4500
082
_a
621.382 NOL'M
100
_a
NOL, EDWARD M
_9
57420
245
_a
MODERN COMMUNICATIONS COURSE AN MODULATION SYSTEMS
250
_a
VOL-2
260
_a
NEWYORK
_b
HOWARD W. SAMS
_c
1962
942
_c
BK
999
_c
567705
_d
567705